000
00198 a2200097 4500
020
_a
9788434828094
041
_a
spa
100
_a
Gusti Ricardo Alcantara
245
_a
El pirata valiente
942
_c
K
999
_c
28819
_d
28819